Statistics for Premier League Top Scorers 2016/17

Click here to take the quiz!

General Stats

  • This quiz has been taken 38 times
  • The average score is 15 of 22

Answer Stats

Club ( Current )GoalsAnswer% Correct
Tottenham Hotspur29Harry Kane
100%
Manchester United25Romelu Lukaku
96%
Leicester City13Jamie Vardy
93%
Barcelona13Philippe Coutinho
93%
Liverpool11Roberto Firmino
93%
Manchester City20Sergio Aguero
93%
LA Galaxy17Zlatan Ibrahimovic
93%
Tottenham Hotspur18Dele Alli
89%
Liverpool13Sadio Mane
89%
Atletico Madrid20Diego Costa
86%
Chelsea16Eden Hazard
86%
Tottenham Hotspur14Heung-Min Son
86%
Manchester United24Alexis Sanchez
68%
Crystal Palace15Christian Benteke
64%
Watford10Troy Deeney
57%
Chelsea10Pedro
54%
Bournemouth15Jermain Defoe
46%
Bournemouth16Joshua King
46%
Chelsea12Olivier Giroud
32%
Burnley10Sam Vokes
32%
Tottenham Hotspur15Fernando Llorente
25%
Everton10Theo Walcott
25%

Score Distribution

Percentile by Number Answered

Percent of People with Each Score

Your Score History

You have not taken this quiz